000
00331nam a2200145Ia 4500
003
OSt
005
20231220063548.0
008
170617s9999 xx 000 0 und d
020
_a
8185790116
040
_c
IIMT UNIVERSITY
100
_a
Kulkarni-V.M/Bothare
245
0
_a
Drug Design
260
_b
Mercel Dekker
942
_2
ddc
_c
01
999
_c
14826
_d
14826